<?xml version="1.0" encoding="UTF-8"?>
<collection xmlns:xsi="http://www.w3.org/2001/XMLSchema-instance" xsi:schemaLocation="http://www.loc.gov/MARC21/slim http://www.loc.gov/standards/marcxml/schema/MARC21slim.xsd" xmlns="http://www.loc.gov/MARC21/slim">
 <record>
  <leader>00000cmm a22000007i 4500</leader>
  <controlfield tag="001">UP-1685594773862486074</controlfield>
  <controlfield tag="003">Buklod</controlfield>
  <controlfield tag="005">20230619090610.0</controlfield>
  <controlfield tag="006">m     |  |        </controlfield>
  <controlfield tag="007">ta</controlfield>
  <controlfield tag="008">121109s2012    enk        u        eng d</controlfield>
  <datafield tag="020" ind1=" " ind2=" ">
   <subfield code="a">9780191739019 (ebook)</subfield>
  </datafield>
  <datafield tag="035" ind1=" " ind2=" ">
   <subfield code="a">(iLib)UPBAG-00047322387</subfield>
  </datafield>
  <datafield tag="037" ind1=" " ind2=" ">
   <subfield code="a">ML-1484eb</subfield>
   <subfield code="b">Megatexts Phil. Inc.</subfield>
   <subfield code="c">Php13,180.00</subfield>
   <subfield code="n">College of Social Science</subfield>
  </datafield>
  <datafield tag="040" ind1=" " ind2=" ">
   <subfield code="a">DLC</subfield>
   <subfield code="d">BAG</subfield>
   <subfield code="e">rda</subfield>
  </datafield>
  <datafield tag="041" ind1="0" ind2=" ">
   <subfield code="a">eng</subfield>
  </datafield>
  <datafield tag="090" ind1=" " ind2="0">
   <subfield code="a">ML-ebook</subfield>
  </datafield>
  <datafield tag="245" ind1="0" ind2="0">
   <subfield code="a">Neoplatonism and the philosophy of nature</subfield>
   <subfield code="h">[electronic resource]</subfield>
   <subfield code="c">edited by James Wilberding and Christoph Horn.</subfield>
  </datafield>
  <datafield tag="264" ind1=" " ind2="1">
   <subfield code="a">Oxford, U.K.</subfield>
   <subfield code="b">Oxford University Press</subfield>
   <subfield code="c">[2012]</subfield>
  </datafield>
  <datafield tag="300" ind1=" " ind2=" ">
   <subfield code="a">1 online resources (ix, 257 pages)</subfield>
   <subfield code="b">illustrations</subfield>
  </datafield>
  <datafield tag="336" ind1=" " ind2=" ">
   <subfield code="a">text</subfield>
   <subfield code="2">rdacontent</subfield>
  </datafield>
  <datafield tag="337" ind1=" " ind2=" ">
   <subfield code="a">computer</subfield>
   <subfield code="2">rdamedia</subfield>
  </datafield>
  <datafield tag="338" ind1=" " ind2=" ">
   <subfield code="a">online resource</subfield>
   <subfield code="2">rdacarrier</subfield>
  </datafield>
  <datafield tag="504" ind1=" " ind2=" ">
   <subfield code="a">Includes bibliographical references (pages [229]-238) and indexes.</subfield>
  </datafield>
  <datafield tag="505" ind1="0" ind2=" ">
   <subfield code="a">The general metaphysics of nature: Plotinus on logos / Lloyd P. Gerson. The significance of 'physics' in Porphyry : the problem of body and matter / Andrew Smith. Self-motion and reflection : Hermias and Proclus on the harmony of Plato and Aristotle on the soul / Stephen Menn. Nature in Proclus : from irrational immanent principle to goddess / Alain Lernould. Platonism in early modern natural philosophy : the case of Leibniz and Conway / Christia Mercer -- Platonic approaches to individual sciences: Aristotelian objections and post-Aristotelian responses to Plato's elemental theory / Ian Mueller. In defence of geometric atomism : explaining elemental properties / Jan Opsomer. Plato's geography : Damascius' interpretation of the Phaedo myth / Carlos Steel. Neoplatonists on 'spontaneous' generation / James Wilberding. Aspects of biology in Plotinus / Christoph Horn.</subfield>
  </datafield>
  <datafield tag="520" ind1=" " ind2=" ">
   <subfield code="a">&quot;Despite Platonism's unquestioned claim to being one of the most influential movements in the history of philosophy, for a long time the conventional wisdom was that Platonists of late antiquity, or Neoplatonists, were so focused on otherworldly metaphysics that they simply neglected any serious study of the sensible world, which after all is 'merely' an image of the intelligible world. Only recently has this conventional wisdom begun to be dispelled. In fact, it is precisely because these thinkers did see the sensible world as an image of the intelligible world that they devoted so much time and energy to understanding its inner workings. Thus we find Neoplatonists writing on embryology, physiology, meteorology, and astronomy, among other subjects. Neoplatonism and the Philosophy of Nature collects essays by leading international scholars in the field which shed new light on how the Neoplatonists sought to understand and explain nature and natural phenomena. It is thematically divided into two parts, with the first part--The General Metaphysics of Nature--directed at the explication of central Neoplatonic metaphysical doctrines and their relation to the natural world, and the second part--Platonic Approaches to Individual Sciences--showing how these same doctrines play out in individual natural sciences such as elemental physics, geography, and biology. Together these essays show that a serious examination of Neoplatonic natural philosophy has far-reaching consequences for our general understanding of the metaphysics of Platonism as well as for our evaluation of their place in the history of science.&quot;--Publisher's website.</subfield>
  </datafield>
  <datafield tag="650" ind1=" " ind2="0">
   <subfield code="a">Neoplatonism.</subfield>
  </datafield>
  <datafield tag="650" ind1=" " ind2="0">
   <subfield code="a">Philosophy of nature</subfield>
   <subfield code="x">History.</subfield>
  </datafield>
  <datafield tag="700" ind1="1" ind2=" ">
   <subfield code="a">Wilberding, James</subfield>
   <subfield code="e">editor.</subfield>
  </datafield>
  <datafield tag="700" ind1="1" ind2=" ">
   <subfield code="a">Horn, Christoph</subfield>
   <subfield code="e">editor.</subfield>
  </datafield>
  <datafield tag="856" ind1="4" ind2="0">
   <subfield code="u">https://doi.org/10.1093/acprof:oso/9780199693719.001.0001</subfield>
   <subfield code="z">Available for University of the Philippines Baguio via Oxford Academic. Click here to access</subfield>
  </datafield>
  <datafield tag="856" ind1="4" ind2="2">
   <subfield code="a">(viewed 30 May 2023)</subfield>
  </datafield>
  <datafield tag="905" ind1=" " ind2=" ">
   <subfield code="a">FO</subfield>
  </datafield>
  <datafield tag="852" ind1="0" ind2=" ">
   <subfield code="a">UPBAG</subfield>
   <subfield code="b">UPBAG-MAIN</subfield>
   <subfield code="h">ML-ebook</subfield>
  </datafield>
  <datafield tag="942" ind1=" " ind2=" ">
   <subfield code="a">Electronic Resource</subfield>
  </datafield>
 </record>
</collection>
